000 00688nam a2200265Ia 4500
005 20260121165040.0
008 008 260114s9999 xx 000 0 eng d
020 _a9781137540973
037 _aEBOOK
040 _aCRL
040 _beng
040 _cCRL
041 _2eng
041 _aeng
084 _qCRL
100 _aMarianne Boenink, Harro van Lente, Ellen Moors
_91046897
245 0 _aEmerging Technologies for Diagnosing Alzheimer's Disease
260 _bSpringer
260 _bSpringer
260 _c2016
856 _uhttps://link.springer.com/openurl?genre=book&isbn=978-1-137-54097-3
942 _cEBOOK
999 _c1612622
_d1612622